আলালের ঘরের দুলাল / (Record no. 41056)
[ view plain ]
| 000 -LEADER | |
|---|---|
| fixed length control field | 00950nam a2200241 a 4500 |
| 001 - CONTROL NUMBER | |
| control field | 41056 |
| 003 - CONTROL NUMBER IDENTIFIER | |
| rucl marc code | BD-RjUL |
| 005 - DATE AND TIME OF LATEST TRANSACTION | |
| control field | 20211209053324.0 |
| 008 - FIXED-LENGTH DATA ELEMENTS--GENERAL INFORMATION | |
| fixed length control field | 160514s2011 bgt||||| |||| 00| 0 ben d |
| 020 ## - INTERNATIONAL STANDARD BOOK NUMBER | |
| International Standard Book Number | 9848708866 |
| Terms of availability | : TK 200.00 |
| 035 ## - SYSTEM CONTROL NUMBER | |
| System control number | (BD-RjUL) |
| 040 ## - CATALOGING SOURCE | |
| Original cataloging agency | BD-RjUL |
| Language of cataloging | ben |
| Transcribing agency | BD-RjUL |
| 041 ## - LANGUAGE CODE | |
| Language code of text/sound track or separate title | ben |
| 082 ## - DEWEY DECIMAL CLASSIFICATION NUMBER | |
| Edition number | 23 |
| Classification number | 891.443 |
| Author mark and year | MIA 2011 |
| 100 ## - MAIN ENTRY--PERSONAL NAME | |
| Personal name | মিত্র, প্যারীচাঁদ |
| 9 (RLIN) | 126333 |
| 245 ## - TITLE STATEMENT | |
| Title | আলালের ঘরের দুলাল / |
| Statement of responsibility, etc. | প্যারীচাঁদ মিত্র ; সম্পাদক অমৃতলাল বালা |
| 260 ## - PUBLICATION, DISTRIBUTION, ETC. (IMPRINT) | |
| Place of publication, distribution, etc. | ঢাকা |
| Name of publisher, distributor, etc. | সাহিত্য বিলাস |
| Date of publication, distribution, etc. | ২০১১ |
| 300 ## - PHYSICAL DESCRIPTION | |
| Pagination | ১৪৩ পৃ. ; |
| Size | ২১ সেমি. |
| 650 ## - SUBJECT ADDED ENTRY--TOPICAL TERM | |
| Topical term or geographic name as entry element | বাংলা উপন্যাস |
| 9 (RLIN) | 126334 |
| Topical term or geographic name as entry element | Bengali Fiction |
| 9 (RLIN) | 126335 |
| 700 ## - ADDED ENTRY--PERSONAL NAME | |
| Personal name | বালা, অমৃতলাল,সম্পাদক |
| 942 ## - ADDED ENTRY ELEMENTS (KOHA) | |
| Source of classification or shelving scheme | Dewey Decimal Classification |
| Koha item type | Books |
| Lost status | Source of classification or shelving scheme | Damaged status | Not for loan | Collection code | Permanent Location | Current Location | Shelving location | Date acquired | Source of acquisition | Cost, normal purchase price | Total Checkouts | Full call number | Date last seen | Date checked out | Copy number | Koha item type |
|---|---|---|---|---|---|---|---|---|---|---|---|---|---|---|---|---|
| Dewey Decimal Classification | Fiction | Central Library, University of Rajshahi | Central Library, University of Rajshahi | 28/02/2013 | Lekhok, Rajshahi | 200.00 | 7 | B 891.443 MIA 2011 | 19/05/2025 | 08/05/2025 | C-2 | Books | ||||
| Dewey Decimal Classification | Fiction | Central Library, University of Rajshahi | Central Library, University of Rajshahi | 28/02/2013 | Author | 200.00 | 1 | B 891.443 MIA 2011 | 17/10/2022 | 29/09/2022 | C-3 | Books | ||||
| Dewey Decimal Classification | Fiction | Central Library, University of Rajshahi | Central Library, University of Rajshahi | 28/02/2013 | Author | 200.00 | 6 | B 891.443 MIA 2011 | 26/05/2024 | 19/05/2024 | C-4 | Books | ||||
| Dewey Decimal Classification | Fiction | Central Library, University of Rajshahi | Central Library, University of Rajshahi | 28/02/2013 | Author | 200.00 | 8 | B 891.443 MIA 2011 | 16/03/2020 | 05/03/2020 | C-5 | Books | ||||
| Dewey Decimal Classification | Not For Loan | Fiction | Central Library, University of Rajshahi | Central Library, University of Rajshahi | Reading Room | 28/02/2013 | Author | 200.00 | B 891.443 MIA 2011 | 28/02/2017 | C-1 | Books |